Understanding the Bible / (Record no. 8730)

MARC details
000 -LEADER
fixed length control field 00806nam a22002297a 4500
003 - CONTROL NUMBER IDENTIFIER
control field GBCCL
005 - DATE AND TIME OF LATEST TRANSACTION
control field 20241126110657.0
008 - FIXED-LENGTH DATA ELEMENTS--GENERAL INFORMATION
fixed length control field 210922b ||||| |||| 00| 0 eng d
020 ## - INTERNATIONAL STANDARD BOOK NUMBER
International Standard Book Number 1785062522
020 ## - INTERNATIONAL STANDARD BOOK NUMBER
International Standard Book Number 9781785062520
040 ## - CATALOGING SOURCE
Transcribing agency gbc
082 ## - DEWEY DECIMAL CLASSIFICATION NUMBER
Classification number 220.61
Item number STO
100 ## - MAIN ENTRY--PERSONAL NAME
Personal name Stott, John
9 (RLIN) 15398
245 ## - TITLE STATEMENT
Title Understanding the Bible /
Statement of responsibility, etc. John R W Stott
260 ## - PUBLICATION, DISTRIBUTION, ETC.
Place of publication, distribution, etc. UK :
Name of publisher, distributor, etc. Scripture Union,
Date of publication, distribution, etc. 2015.
300 ## - PHYSICAL DESCRIPTION
Extent ix, 214 pages :
Other physical details maps ;
Dimensions 20 cm
505 ## - FORMATTED CONTENTS NOTE
Formatted contents note What is the Bible really all about? Why was it written and can it be trusted? Why should we read it? In this revised edition of a classic work, John Stott answers these questions.
650 ## - SUBJECT ADDED ENTRY--TOPICAL TERM
Topical term or geographic name entry element Bible
Form subdivision Criticism, interpretation, etc.
9 (RLIN) 10044
650 ## - SUBJECT ADDED ENTRY--TOPICAL TERM
Topical term or geographic name entry element Bible
Form subdivision Geography.
9 (RLIN) 15399
650 ## - SUBJECT ADDED ENTRY--TOPICAL TERM
Topical term or geographic name entry element Bible.
9 (RLIN) 5
942 ## - ADDED ENTRY ELEMENTS (KOHA)
Source of classification or shelving scheme Dewey Decimal Classification
Koha item type Books
Koha issues (borrowed), all copies 2
Holdings
Withdrawn status Lost status Source of classification or shelving scheme Damaged status Not for loan Home library Current Library Shelving location Date acquired Total checkouts Full call number Barcode Date last seen Date last checked out Copy number Price effective from Koha item type
    Dewey Decimal Classification     GRACE BIBLE COLLEGE GRACE BIBLE COLLEGE Biblical Studies 2021-09-22 2 220.61 STO 015094 2025-05-01 2023-07-25 c.1 2021-09-22 Books
© Grace Bible College Library 2025